00532nam a22001577a 450000500170000001000150001702000260003203500140005803700090007208200080008124501010008926000540019027000800024430000250032470000250034920220204144446.0 aENG-131413 a9789354421204c975.00 aEN-114945 bDBAD a880 aBeing and Becoming Multilingual Some Narratives/cEdited by Rajesh Sachdeva, Rama Kant Agnihotri aTelanganabOrient Blackswan Private Limitedc2022 a3-6-752, HimayatnagarbHyderabade500029mcentraloffice@orientblackswan.com axi, 335p.c22cm(pbk) aAgnihotri, Rama Kant